Quais países tem clubes campeões da CONCACAF Champions League? - Statistics

Estatísticas Gerais
  • Esse quiz foi jogado 86 vezes
  • A pontuação média é 7 de 9
Estatísticas das Respostas
Hint Resposta % Correto
3 Títulos Estados Unidos
100%
30 Títulos México
100%
6 Títulos Costa Rica
96%
2 Títulos Honduras
90%
3 Títulos El Salvador
77%
2 Títulos Guatemala
77%
2 Títulos Haiti
68%
2 Títulos Trinidad e Tobago
55%
2 Títulos Suriname
33%
Nenhum quiz correspondente encontrado
Distribuição das Pontuações
Porcentagem de Pessoas com Cada Pontuação
Percentil de Números Respondidos
Sua Pontuação Histórica
Você não jogou esse quiz